00335nam a22001217a 450000500170000002000230001703500130004003700130005310000160006624500630008226000450014530000230019020120409124426.0 a8176464473c300.00 aB-130388 aDPLbENG aAdhir, D.C. aBuddhism declined in India :bHow and why /cby D.C. Adhir aDelhibB.R. Publishing Corporationc2005 aix, 139p.c20 cms.